Русский язык - английский язык: политика единоязычия в российском образовании; Язык. Общество. Образование

מידע ביבליוגרפי
Parent link:Язык. Общество. Образование.— 2021.— [С. 41-45]
מחבר ראשי: Кобылкина Е. В.
מחבר תאגידי: Национальный исследовательский Томский политехнический университет Школа базовой инженерной подготовки Отделение иностранных языков
מחברים אחרים: Кобенко Ю. В. Юрий Викторович (научный руководитель)
סיכום:Заглавие с экрана
Статья посвящена прочно закрепившейся в российском образовании политике «английского единоязычия», а также современному состоянию языковой политики в контексте парадигмы русский язык - английский язык. В статье рассмотрены проблемы языкового регулирования и предложена модель лингвообразования, обусловленная социолингвистическими факторами и актуальными глобализационными процессами.
שפה:רוסית
יצא לאור: 2021
סדרה:Актуальные векторы исследований и подходы в современной лингвистике
נושאים:
גישה מקוונת:http://earchive.tpu.ru/handle/11683/69251
פורמט: אלקטרוני Book Chapter
KOHA link:https://koha.lib.tpu.ru/cgi-bin/koha/opac-detail.pl?biblionumber=634019

MARC

LEADER 00000naa2a2200000 4500
001 634019
005 20231101133806.0
035 |a (RuTPU)RU\TPU\conf\35769 
035 |a RU\TPU\conf\35766 
090 |a 634019 
100 |a 20211221d2021 k y0rusy50 ca 
101 0 |a rus 
102 |a RU 
105 |a y z 101zy 
135 |a drgn ---uucaa 
181 0 |a i  
182 0 |a b 
200 1 |a Русский язык - английский язык: политика единоязычия в российском образовании  |f Е. В. Кобылкина  |g науч. рук. Ю. В. Кобенко 
203 |a Текст  |c электронный 
225 1 |a Актуальные векторы исследований и подходы в современной лингвистике 
230 |a 1 компьютерный файл (pdf; 533 Kb) 
300 |a Заглавие с экрана 
320 |a [Библиогр.: с. 44-45 (7 назв.)] 
330 |a Статья посвящена прочно закрепившейся в российском образовании политике «английского единоязычия», а также современному состоянию языковой политики в контексте парадигмы русский язык - английский язык. В статье рассмотрены проблемы языкового регулирования и предложена модель лингвообразования, обусловленная социолингвистическими факторами и актуальными глобализационными процессами. 
463 0 |0 (RuTPU)RU\TPU\conf\35746  |t Язык. Общество. Образование  |o сборник научных трудов II Международной научно-практической конференции "Лингвистические и культурологические аспекты современного инженерного образования", Томск, 10-12 ноября 2021 г.  |f Национальный исследовательский Томский политехнический университет (ТПУ); гл. ред. Ю. В. Кобенко  |v [С. 41-45]  |d 2021 
610 1 |a электронный ресурс 
610 1 |a труды учёных ТПУ 
610 1 |a русский язык 
610 1 |a английский язык 
610 1 |a языковая политика 
610 1 |a российское образование 
610 1 |a лингвообразование 
610 1 |a языковое планирование 
700 1 |a Кобылкина  |b Е. В. 
702 1 |a Кобенко  |b Ю. В.  |c лингвист  |c профессор Томского политехнического университета, доктор филологических наук  |f 1977-  |g Юрий Викторович  |2 stltpush  |4 727 
712 0 2 |a Национальный исследовательский Томский политехнический университет  |b Школа базовой инженерной подготовки  |b Отделение иностранных языков  |h 8029  |2 stltpush  |3 (RuTPU)RU\TPU\col\23510 
801 2 |a RU  |b 63413507  |c 20211224  |g RCR 
856 4 |u http://earchive.tpu.ru/handle/11683/69251 
942 |c BK